| 000 | 00463nam a2200133Ia 4500 | ||
|---|---|---|---|
| 008 | 250506s9999 xx 000 0 und d | ||
| 024 | _a17B-008-EE, 17B-016-EE & 17B-022-EE | ||
| 082 | _a614.48072 AHM | ||
| 100 | _aShayan Ahmed, Shoaib Ahmed & Hafiz M. Ali Hussain | ||
| 245 | 0 | _aUV Light Based Currency Sterilization & Counting System (with CD) | |
| 260 |
_aKarachi: _bUIT, _c2017 |
||
| 600 | _aElectronic Engineering | ||
| 650 | _aBachelor of Engineering (BE) | ||
| 999 |
_c29012 _d29012 |
||